Los efectos económicos del gasto público (Registro nro. 3139)
[ vista simple ]
| 000 -LEADER | |
|---|---|
| fixed length control field | 01217 a2200205 4500 |
| 001 - CONTROL NUMBER | |
| control field | 39906 |
| 005 - DATE AND TIME OF LATEST TRANSACTION | |
| control field | 20260407155655.0 |
| 008 - FIXED-LENGTH DATA ELEMENTS--GENERAL INFORMATION | |
| fixed length control field | 260407a1975 arg spa d |
| 003 - CONTROL NUMBER IDENTIFIER | |
| control field | AR-UNSa-BCEJYS |
| 040 ## - CATALOGING SOURCE | |
| Original cataloging agency | AR-UNSa-BCEJYS |
| Language of cataloging | spa |
| Transcribing agency | AR-UNSa-BCEJYS |
| 080 ## - UNIVERSAL DECIMAL CLASSIFICATION NUMBER | |
| Universal Decimal Classification number | 336.5 |
| Common auxiliary subdivision | Gasto público. Gastos del estado |
| 041 ## - LANGUAGE CODE | |
| Language code of text/sound track or separate title | spa |
| 100 1# - MAIN ENTRY--PERSONAL NAME | |
| Personal name | Wehbe, Jorge |
| 245 10 - TITLE STATEMENT | |
| Title | Los efectos económicos del gasto público |
| 264 #1 - PRODUCTION, PUBLICATION, DISTRIBUTION, MANUFACTURE, AND COPYRIGHT NOTICE | |
| Place of production, publication, distribution, manufacture | Buenos Aires : |
| Name of producer, publisher, distributor, manufacturer | Depalma |
| Date of production, publication, distribution, manufacture, or copyright notice | 1975 |
| 300 ## - PHYSICAL DESCRIPTION | |
| Extent | xiv, 105 p. |
| Dimensions | 20 cm. |
| 505 ## - FORMATTED CONTENTS NOTE | |
| Formatted contents note | 1. El gasto público y la ciencia de las finanzas - 2. El gasto público y el fenómeno financiero - 3. Definición del gasto público - 4. Evolución y crecimiento del gasto - 5. Nueva filosofía del gasto público - 6. Papel del gasto público en la evolución económica - 7. Política fiscal compensatoria - 8. La selección del gasto - 9. Distribución del gasto público con relación al lugar - 10. Teorías sobre el desarrollo económico - 11. El impulso económico - 12. La financiación del gasto - 13. La regulación legal del gasto - 14. El control del gasto - 15. El gasto público en un plan de estabilización monetaria - 16. Conclusiones |
| 590 ## - LOCAL NOTE (RLIN) | |
| Local note | niveau_biblio:m niveau_hierar:0 |
| 942 ## - ADDED ENTRY ELEMENTS (KOHA) | |
| Koha item type | |
| Withdrawn status | Lost status | Damaged status | Not for loan | Home library | Current library | Shelving location | Date acquired | Total checkouts | Full call number | Barcode | Date last seen | Price effective from | Koha item type |
|---|---|---|---|---|---|---|---|---|---|---|---|---|---|
| Biblioteca Prof. Eusebio Cleto del Rey | Biblioteca Prof. Eusebio Cleto del Rey | 07/04/2026 | 336.5 W413 | L125685 | 07/04/2026 | 07/04/2026 | Libro |